Gaza ante la historia /

Bibliographic Details
Main Author: Traverso, Enzo (Author)
Other Authors: Olalla Salvador, Valentina (Translator)
Format: Electronic eBook
Language:Spanish
Italian
Published: Tres Cantos, Madrid, España : Akal, [2024]
Series:Reverso. Historia crítica ; 19.
Subjects:
Online Access:Digitalia Hispánica

MARC

LEADER 00000nam a2200000 i 4500
001 DIGAKAL0859
003 NyNyDIG
007 cr |||||||||||
008 250121s2024 sp ob 000 0 spa d
006 m o d
035 |a (OCoLC)1453454865 
040 |a DGITA  |b eng  |e rda  |e pn  |c DGITA 
020 |a 9788446055792  |q eBook 
020 |z 9788446055785 
041 1 |a spa  |h ita 
043 |a awgz---- 
050 1 4 |a DS119.771 ebook 
082 0 4 |a 956.053  |2 23 
100 1 |a Traverso, Enzo,  |e author. 
240 1 0 |a Gaza faces history.  |l Spanish  |s (Olalla Salvador) 
245 1 0 |a Gaza ante la historia /  |c Enzo Traverso ; traducción de Valentina Olalla Salvador. 
264 1 |a Tres Cantos, Madrid, España :  |b Akal,  |c [2024] 
300 |a 1 online resource. 
336 |a text  |b txt  |2 rdacontent 
337 |a computer  |b c  |2 rdamedia 
338 |a online resource  |b cr  |2 rdacarrier 
347 |a text file  |2 rdaft 
347 |b EPUB 
490 1 |a Akal / Reverso. Historia crítica ;  |v 19 
504 |a Includes bibliographical references. 
588 0 |a Online resource; title from ePub title page (Digitalia, viewed January 21, 2025) 
650 0 |a October 7 Hamas Attack, Israel, 2023. 
650 0 |a Israel-Hamas War, 2023- 
650 0 |a Israeli-Palestinian conflict  |y 1993- 
650 0 |a Arab-Israeli conflict. 
651 0 |a Israel  |x History. 
651 0 |a Gaza Strip. 
700 1 |a Olalla Salvador, Valentina,  |e translator. 
700 1 |i Translation of:  |a Traverso, Enzo.  |t Gaza faces history. 
791 2 |a Digitalia (Firm),  |e distributor. 
793 0 |g Digitalia eBook Collection:  |a Akal 
776 0 8 |i Print version:  |a Traverso, Enzo.  |s Gaza faces history. Spanish (Olalla Salvador).  |t Gaza ante la historia.  |d Tres Cantos, Madrid, España : Akal, [2024]  |z 9788446055785 
830 0 |a Reverso.  |p Historia crítica ;  |v 19. 
856 4 0 |3 Digitalia Hispánica  |u https://www.digitaliapublishing.com/a/158560/ 
910 |a Premium collection: 2025